000 00505nam a2200181Ia 4500
005 20250423095924.0
008 250422s9999 xx 000 0 und d
020 _a9780821358177
050 _aHD 7130.5 .G55/
100 _aGill, Indermit Singh... [et al.].
245 0 _aKeeping the promise of social security in Latin America
260 _aWashington, DC.
260 _bStanford University Press
260 _c2005
300 _a341 p
650 _aSocial security--Latin America.
942 _cBK
999 _c31740
_d31740